Normal view
MARC view
- علم نفس
Entry Topical Term
001 - CONTROL NUMBER
- control field: 17486
003 - CONTROL NUMBER IDENTIFIER
- control field: JO-AjAnu
005 - DATE AND TIME OF LATEST TRANSACTION
- control field: 20230606073104.0
008 - FIXED-LENGTH DATA ELEMENTS
- fixed length control field: 230606|| aca||aabn | a|a d
040 ## - CATALOGING SOURCE
- Original cataloging agency: JO-AjAnu
- Transcribing agency: JO-AjAnu
150 ## - HEADING--TOPICAL TERM
- Topical term or geographic name entry element: علم نفس
670 ## - SOURCE DATA FOUND
- Source citation: Work cat.: (JO-AjAnu)8977: عيسوي،عبد الرحمن محمد, author 17485, علم النفس في الحياة المعاصرة